000 00474nam a2200193Ia 4500
005 20240808054730.0
008 240331s9999 xx 000 0 und d
020 _a0709935900
082 _bLAN
_a400
245 0 _aLanguage, communication & Education
260 _aAustralia
_bThe open university
_c1987
300 _a465 p .,
650 _aSocial
650 _aLanguage
650 _aCommunication
650 _aEducation
700 _aMayor, B.M.
_eedt
942 _cL
999 _c3024
_d3024